00646nam a22001577a 4500003000400000082001400004100001700018245010700035260003600142300000800178650001700186942001200203952012800215952012800343999001700471SGT a510bS22R aRANI, MAMTA  aStudy Of Approximation Properties For Certain Sequences Of Positive Linear Operators and Applications  aGURUGRAM bSGT UNIVERSITYc2022 a109 aMATHEMATICS  2ddccTH 00102ddc40718MEDICALaFMbFMcREFd2024-05-28eSGT UNIVERSITYl0o510 S22RpDT1576r2024-05-28 00:00:00w2024-05-28yTH 00102ddc40718MEDICALaFMbFMcREFd2024-05-28eSGT UNIVERSITYl0o510 S22RpDT1577r2024-05-28 00:00:00w2024-05-28yTH c26422d26422